| 000 | 00456 a2200133 4500 | ||
|---|---|---|---|
| 020 | _a8171695787 (unknown binding) | ||
| 020 | _a9788171695782 (unknown binding) | ||
| 090 |
_c5175 _d5175 |
||
| 245 | 0 | 0 | _aManagement challenges in twenty-first century. |
| 260 |
_a[S.l.] : _bCommonwealth Publishers, _c1999. |
||
| 300 | _a1 v. (unpaged) | ||
| 856 | 4 | 0 |
_3Amazon.com _uhttp://www.amazon.com/exec/obidos/ASIN/8171695787/chopaconline-20 |
| 942 |
_aNBS _cBK _k658 MAN |
||
| 999 |
_c347595 _d347595 |
||